=LDR 00000nam 2200000 4500 =001 INLIS000000000041770 =005 20130612151301 =008 ***********************************ind** =035 ##$$0010-061300000041770 =041 ##$$a ind =082 ##$$a 741.3 =090 ##$$a 741.3, Yut m =100 ##$$a Yutaka, Yoshikawa =245 ##$$a Kehidupan di darat, Yoshikawa Yutaka =260 ##$$a 2010 $b Jakarta =300 ##$$a 93 hlm, ilus, 22 cm =850 ##$$a NBPNMAT